| 000 | 00574nam a2200229Ia 4500 | ||
|---|---|---|---|
| 003 | 0100 | ||
| 008 | 130303s9999 xx 000 0 und d | ||
| 020 | _a0900657782 | ||
| 040 | _cARRUPELIB | ||
| 050 | _aHC79.P6D68 1983 | ||
| 100 | _aDower, Nigel | ||
| 245 | _aWorld Poverty | ||
| 245 | _bchallenge and response | ||
| 260 | _aYork | ||
| 260 | _bThe Ebor Press | ||
| 260 | _C1983 | ||
| 300 | _avii | ||
| 300 | _b 180p. 21cm. | ||
| 650 | _bNigerian literature (English)--Nigeria--Onitsha | ||
| 650 | _cPopular literature--Nigeria--Onitsha | ||
| 942 |
_2lcc _01 |
||
| 999 |
_c60201 _d60201 |
||